000 00616nam a2200253Ia 4500
005 20251020182457.0
008 200515s9999 xx 000 0 und d
082 _a624.072/O73
100 _aOrtega García, Juan
245 0 _aVigas losas y columnas con el Reglamento : ACI - 83 (Adicional 86)
260 _as.l.
260 _bINIVI
260 _cs.a.
300 _a331 p.
300 _btbl., graf.
490 _aDiseño de Estructuras de Concreto Armado
500 _a1 ejemplar
650 _aCOLUMNAS
650 _aLOSAS
650 _aNORMAS
650 _aVIGAS
942 _cLIB
999 _c1034
_d1034